[Event "Hastings International"]
[Site "?"]
[Date "2018.01.06"]
[Round "12.1"]
[White "Vakhidov, Jakhongir"]
[Black "Eames, Robert S"]
[Result "1-0"]
[BlackElo "2159"]
[WhiteElo "2516"]
[LiveChessVersion "1.4.8"]

1. c4 {[%clk 1:49:57]} e5 {[%clk 1:49:32]} 2. g3 {[%clk 1:49:40]} c6
{[%clk 1:48:39]} 3. Nf3 {[%clk 1:49:23]} e4 {[%clk 1:48:06]} 4. Nd4
{[%clk 1:49:18]} Qb6 {[%clk 1:45:03]} 5. e3 {[%clk 1:18:38]} Nf6 {[%clk 1:41:18]}
6. Nc3 {[%clk 1:15:08]} Bb4 {[%clk 1:30:53]} 7. Qc2 {[%clk 1:12:41]} Bxc3
{[%clk 1:29:27]} 8. Qxc3 {[%clk 1:12:31]} O-O {[%clk 1:28:22]} 9. b3
{[%clk 1:07:40]} d5 {[%clk 1:27:48]} 10. c5 {[%clk 1:04:30]} Qc7 {[%clk 1:25:14]}
11. Bb2 {[%clk 1:04:29]} Re8 {[%clk 1:24:11]} 12. Bg2 {[%clk 1:01:52]} Nbd7
{[%clk 1:23:48]} 13. f4 {[%clk 1:00:40]} exf3 {[%clk 1:19:20]} 14. Nxf3
{[%clk 1:00:29]} b6 {[%clk 1:18:45]} 15. cxb6 {[%clk 0:59:13]} axb6
{[%clk 1:18:36]} 16. O-O {[%clk 0:56:07]} Ba6 {[%clk 1:14:34]} 17. Rf2
{[%clk 0:53:39]} Nc5 {[%clk 1:11:58]} 18. Nh4 {[%clk 0:52:25]} Re6
{[%clk 1:08:14]} 19. Nf5 {[%clk 0:51:46]} Nd3 {[%clk 0:56:20]} 20. Nxg7
{[%clk 0:44:48]} Rd6 {[%clk 0:46:37]} 21. Rxf6 {[%clk 0:28:10]} d4
{[%clk 0:45:24]} 22. exd4 {[%clk 0:27:45]} Rxf6 {[%clk 0:38:56]} 23. d5
{[%clk 0:25:29]} Rg6 {[%clk 0:38:53]} 24. Ne8 {[%clk 0:24:28]} Qe5
{[%clk 0:37:57]} 25. Qxe5 {[%clk 0:24:23]} Nxe5 {[%clk 0:38:01]} 26. Nc7
{[%clk 0:24:23]} Nd3 {[%clk 0:37:44]} 27. Nxa8 {[%clk 0:24:08]} 1-0

[Event "Hastings International"]
[Site "?"]
[Date "2018.01.06"]
[Round "12.2"]
[White "Grieve, Harry"]
[Black "Hebden, Mark L"]
[Result "0-1"]
[BlackElo "2429"]
[WhiteElo "2220"]
[LiveChessVersion "1.4.8"]

1. d4 {[%clk 1:50:15]} Nf6 {[%clk 1:49:46]} 2. Bg5 {[%clk 1:49:51]} d5
{[%clk 1:49:43]} 3. Bxf6 {[%clk 1:49:44]} exf6 {[%clk 1:49:05]} 4. e3
{[%clk 1:49:43]} Bd6 {[%clk 1:48:49]} 5. g3 {[%clk 1:49:37]} c6 {[%clk 1:47:48]}
6. Bg2 {[%clk 1:49:29]} Nd7 {[%clk 1:47:01]} 7. Ne2 {[%clk 1:49:08]} f5
{[%clk 1:46:40]} 8. Nd2 {[%clk 1:48:10]} Nf6 {[%clk 1:46:24]} 9. c4
{[%clk 1:47:33]} dxc4 {[%clk 1:46:03]} 10. Nxc4 {[%clk 1:47:30]} Bc7
{[%clk 1:46:03]} 11. Nc3 {[%clk 1:43:50]} Qe7 {[%clk 1:44:43]} 12. Qe2
{[%clk 1:35:08]} Be6 {[%clk 1:44:14]} 13. a3 {[%clk 1:28:43]} h5 {[%clk 1:42:57]}
14. h4 {[%clk 1:27:20]} O-O-O {[%clk 1:40:24]} 15. O-O-O {[%clk 1:22:09]} Ne4
{[%clk 1:39:54]} 16. Nxe4 {[%clk 1:14:43]} fxe4 {[%clk 1:39:50]} 17. Bh3
{[%clk 1:09:13]} f5 {[%clk 1:39:19]} 18. Kb1 {[%clk 1:05:19]} g6 {[%clk 1:38:44]}
19. Rc1 {[%clk 1:02:58]} Kb8 {[%clk 1:38:29]} 20. Rhd1 {[%clk 0:54:51]} Rd5
{[%clk 1:36:58]} 21. Qc2 {[%clk 0:45:42]} c5 {[%clk 1:34:27]} 22. Bf1
{[%clk 0:34:57]} Rc8 {[%clk 1:30:59]} 23. dxc5 {[%clk 0:32:08]} Rxc5
{[%clk 1:24:28]} 24. b4 {[%clk 0:31:17]} Rc6 {[%clk 1:23:56]} 25. Qb2
{[%clk 0:27:38]} a6 {[%clk 0:58:29]} 26. Ne5 {[%clk 0:22:11]} Ba2+
{[%clk 0:52:00]} 27. Qxa2 {[%clk 0:21:19]} Bxe5 {[%clk 0:52:03]} 28. Qd5
{[%clk 0:10:01]} Rc3 {[%clk 0:45:16]} 29. Rxc3 {[%clk 0:08:32]} Rxc3
{[%clk 0:45:14]} 30. Qd8+ {[%clk 0:07:01]} Qxd8 {[%clk 0:45:17]} 31. Rxd8+
{[%clk 0:07:10]} Kc7 {[%clk 0:45:04]} 32. Rg8 {[%clk 0:03:26]} Rb3+
{[%clk 0:44:28]} 33. Kc2 {[%clk 0:01:02]} Rb2+ {[%clk 0:41:47]} 34. Kd1
{[%clk 0:01:07]} Rb1+ {[%clk 0:39:44]} 35. Ke2 {[%clk 0:01:15]} Bc3
{[%clk 0:39:45]} 36. f4 {[%clk 0:00:46]} Rb2+ {[%clk 0:37:47]} 37. Kd1
{[%clk 0:00:54]} Rd2+ {[%clk 0:36:55]} 38. Kc1 {[%clk 0:01:03]} Rd6
{[%clk 0:34:24]} 39. Bc4 {[%clk 0:00:17]} Bxb4 {[%clk 0:33:10]} 40. Bf7
{[%clk 0:00:11]} Bxa3+ {[%clk 0:32:36]} 41. Kc2 {[%clk 0:00:16]} a5
{[%clk 0:29:41]} 42. Bxg6 {[%clk 0:00:18]} a4 {[%clk 0:29:33]} 43. Rg7+
{[%clk 0:00:13]} Kb6 {[%clk 0:27:45]} 44. Be8 {[%clk 0:00:11]} Rd3
{[%clk 0:26:59]} 45. Bxa4 {[%clk 0:00:15]} Ka5 {[%clk 0:26:43]} 46. Bd7
{[%clk 0:00:12]} b5 {[%clk 0:26:13]} 47. Bxf5 {[%clk 0:00:13]} Rxe3
{[%clk 0:26:21]} 48. Be6 {[%clk 0:00:12]} Re2+ {[%clk 0:25:28]} 49. Kd1
{[%clk 0:00:12]} Rf2 {[%clk 0:25:14]} 50. Ke1 {[%clk 0:00:11]} e3
{[%clk 0:25:15]} 51. Ra7+ {[%clk 0:00:15]} Kb4 {[%clk 0:25:16]} 52. Bd7
{[%clk 0:00:11]} Bb2 {[%clk 0:25:18]} 53. Bh3 {[%clk 0:00:11]} Bc3+
{[%clk 0:25:19]} 54. Kd1 {[%clk 0:00:20]} e2+ {[%clk 0:25:18]} 0-1

[Event "Hastings International"]
[Site "?"]
[Date "2018.01.06"]
[Round "12.3"]
[White "Dong, Bao Nghia"]
[Black "Coleman, David J"]
[Result "1-0"]
[BlackElo "2055"]
[WhiteElo "2153"]
[LiveChessVersion "1.4.8"]

1. d4 {[%clk 1:50:16]} Nf6 {[%clk 1:50:13]} 2. Nf3 {[%clk 1:50:21]} g6
{[%clk 1:50:15]} 3. h3 {[%clk 1:50:28]} Bg7 {[%clk 1:50:18]} 4. Bf4
{[%clk 1:50:34]} O-O {[%clk 1:50:14]} 5. e3 {[%clk 1:50:41]} d6 {[%clk 1:49:47]}
6. Bc4 {[%clk 1:50:39]} Qe8 {[%clk 1:46:19]} 7. O-O {[%clk 1:50:32]} Nbd7
{[%clk 1:45:26]} 8. c3 {[%clk 1:50:28]} e5 {[%clk 1:43:08]} 9. Bh2
{[%clk 1:50:26]} Qe7 {[%clk 1:42:36]} 10. a4 {[%clk 1:50:15]} e4 {[%clk 1:42:03]}
11. Nfd2 {[%clk 1:50:12]} d5 {[%clk 1:39:39]} 12. Ba2 {[%clk 1:48:59]} c6
{[%clk 1:33:36]} 13. c4 {[%clk 1:47:05]} Nb6 {[%clk 1:29:14]} 14. c5
{[%clk 1:46:02]} Nbd7 {[%clk 1:29:15]} 15. Bd6 {[%clk 1:45:50]} Qd8
{[%clk 1:29:04]} 16. Bxf8 {[%clk 1:45:41]} Nxf8 {[%clk 1:29:02]} 17. f3
{[%clk 1:45:23]} exf3 {[%clk 1:28:28]} 18. Qxf3 {[%clk 1:45:18]} Be6
{[%clk 1:28:24]} 19. b4 {[%clk 1:44:51]} h5 {[%clk 1:28:13]} 20. Nc3
{[%clk 1:44:35]} N8h7 {[%clk 1:28:09]} 21. Qg3 {[%clk 1:44:22]} g5
{[%clk 1:26:05]} 22. Bb1 {[%clk 1:43:00]} h4 {[%clk 1:25:29]} 23. Qf3
{[%clk 1:42:19]} Qd7 {[%clk 1:24:39]} 24. Bf5 {[%clk 1:42:02]} Re8
{[%clk 1:24:17]} 25. Rae1 {[%clk 1:41:07]} Bh6 {[%clk 1:23:46]} 26. Re2
{[%clk 1:28:41]} g4 {[%clk 1:20:43]} 27. hxg4 {[%clk 1:27:07]} Ng5
{[%clk 1:18:20]} 28. Qf2 {[%clk 1:27:03]} Nxg4 {[%clk 1:11:25]} 29. Bxe6
{[%clk 1:25:49]} Rxe6 {[%clk 1:09:01]} 30. Qf5 {[%clk 1:24:14]} Nh3+
{[%clk 1:07:20]} 31. Kh1 {[%clk 1:21:03]} Ngf2+ {[%clk 0:55:14]} 32. Rfxf2
{[%clk 1:21:03]} Nxf2+ {[%clk 0:55:16]} 33. Qxf2 {[%clk 1:21:08]} Qe7
{[%clk 0:55:13]} 34. Nd1 {[%clk 1:19:45]} 1-0

[Event "Hastings International"]
[Site "?"]
[Date "2018.01.06"]
[Round "12.4"]
[White "Britton, Richard L"]
[Black "Footner, Andrew F"]
[Result "1-0"]
[BlackElo "1981"]
[WhiteElo "2256"]
[LiveChessVersion "1.4.8"]

1. e4 {[%clk 1:50:15]} d5 {[%clk 1:50:13]} 2. exd5 {[%clk 1:50:04]} Nf6
{[%clk 1:50:16]} 3. Nc3 {[%clk 1:48:20]} Nxd5 {[%clk 1:50:12]} 4. Nf3
{[%clk 1:46:54]} Nxc3 {[%clk 1:49:40]} 5. bxc3 {[%clk 1:46:59]} Bg4
{[%clk 1:49:20]} 6. Be2 {[%clk 1:45:50]} Nd7 {[%clk 1:45:59]} 7. O-O
{[%clk 1:45:22]} Nb6 {[%clk 1:45:14]} 8. Ne5 {[%clk 1:36:59]} Bxe2
{[%clk 1:43:43]} 9. Qxe2 {[%clk 1:37:03]} e6 {[%clk 1:41:17]} 10. Re1
{[%clk 1:35:08]} Bd6 {[%clk 1:38:34]} 11. c4 {[%clk 1:28:06]} O-O
{[%clk 1:26:16]} 12. d3 {[%clk 1:27:10]} Bb4 {[%clk 1:24:40]} 13. Bd2
{[%clk 1:25:17]} Bxd2 {[%clk 1:24:04]} 14. Qxd2 {[%clk 1:25:21]} f6
{[%clk 1:23:40]} 15. Nf3 {[%clk 1:25:07]} e5 {[%clk 1:23:44]} 16. Qe3
{[%clk 1:16:09]} Qd7 {[%clk 1:21:53]} 17. Qe4 {[%clk 1:15:28]} c6
{[%clk 1:20:18]} 18. a4 {[%clk 1:07:24]} Rae8 {[%clk 1:16:16]} 19. a5
{[%clk 1:05:08]} Nc8 {[%clk 1:14:24]} 20. c5 {[%clk 1:04:21]} Ne7
{[%clk 1:09:57]} 21. a6 {[%clk 1:02:35]} Nd5 {[%clk 1:05:04]} 22. axb7
{[%clk 1:01:20]} Qxb7 {[%clk 1:05:08]} 23. Qa4 {[%clk 0:54:07]} Rf7
{[%clk 1:02:08]} 24. Nd2 {[%clk 0:51:03]} Qb5 {[%clk 0:52:30]} 25. Ne4
{[%clk 0:48:55]} Ra8 {[%clk 0:46:17]} 26. Qa3 {[%clk 0:41:04]} Qb4
{[%clk 0:44:51]} 27. Qa6 {[%clk 0:40:31]} Qb5 {[%clk 0:39:21]} 28. Qa2
{[%clk 0:40:20]} 1-0

[Event "Hastings International"]
[Site "?"]
[Date "2018.01.06"]
[Round "12.5"]
[White "Willson, Ollie"]
[Black "Gregory, Stephen J"]
[Result "1-0"]
[BlackElo "1951"]
[WhiteElo "2057"]
[LiveChessVersion "1.4.8"]

1. d4 {[%clk 1:50:17]} Nf6 {[%clk 1:50:14]} 2. Nf3 {[%clk 1:50:15]} d6
{[%clk 1:50:19]} 3. c4 {[%clk 1:50:20]} Nc6 {[%clk 1:50:24]} 4. Nc3
{[%clk 1:50:05]} e5 {[%clk 1:50:29]} 5. d5 {[%clk 1:45:36]} Ne7 {[%clk 1:50:31]}
6. g3 {[%clk 1:45:33]} Ng6 {[%clk 1:50:28]} 7. Bg2 {[%clk 1:45:16]} Be7
{[%clk 1:50:30]} 8. O-O {[%clk 1:44:41]} O-O {[%clk 1:50:27]} 9. a3
{[%clk 1:27:09]} c6 {[%clk 1:48:15]} 10. Nd2 {[%clk 1:23:51]} Bd7
{[%clk 1:45:01]} 11. b4 {[%clk 1:12:02]} Qc8 {[%clk 1:43:16]} 12. Bb2
{[%clk 1:11:52]} Bh3 {[%clk 1:41:08]} 13. e4 {[%clk 1:11:04]} Bxg2
{[%clk 1:39:22]} 14. Kxg2 {[%clk 1:11:09]} Ng4 {[%clk 1:34:56]} 15. Qe2
{[%clk 0:57:22]} f5 {[%clk 1:31:32]} 16. exf5 {[%clk 0:56:49]} Rxf5
{[%clk 1:29:27]} 17. h3 {[%clk 0:51:45]} Nh6 {[%clk 1:26:30]} 18. Nde4
{[%clk 0:46:59]} Qd7 {[%clk 1:22:39]} 19. Rad1 {[%clk 0:42:07]} Raf8
{[%clk 1:19:41]} 20. Rd3 {[%clk 0:38:52]} Kh8 {[%clk 1:11:55]} 21. c5
{[%clk 0:32:42]} cxd5 {[%clk 1:07:55]} 22. Nxd5 {[%clk 0:32:09]} dxc5
{[%clk 1:03:19]} 23. Nxe7 {[%clk 0:24:22]} Qxe7 {[%clk 1:03:06]} 24. bxc5
{[%clk 0:24:15]} Nf7 {[%clk 1:00:53]} 25. Bc1 {[%clk 0:22:00]} Qc7
{[%clk 0:56:43]} 26. Rfd1 {[%clk 0:20:09]} Qc6 {[%clk 0:55:11]} 27. Kh2
{[%clk 0:19:00]} Qb5 {[%clk 0:45:02]} 28. Re3 {[%clk 0:17:31]} Qc6
{[%clk 0:40:40]} 29. Red3 {[%clk 0:17:03]} h5 {[%clk 0:39:43]} 30. Rf3
{[%clk 0:13:59]} Rxf3 {[%clk 0:36:01]} 31. Qxf3 {[%clk 0:14:06]} Nh6
{[%clk 0:35:30]} 32. Qe2 {[%clk 0:13:47]} h4 {[%clk 0:34:14]} 33. Rd6
{[%clk 0:13:34]} hxg3+ {[%clk 0:33:02]} 34. fxg3 {[%clk 0:13:39]} Qe8
{[%clk 0:30:41]} 35. Qh5 {[%clk 0:11:35]} Qa4 {[%clk 0:27:50]} 36. Qe2
{[%clk 0:05:44]} Qe8 {[%clk 0:20:46]} 37. Bd2 {[%clk 0:04:40]} Kg8
{[%clk 0:16:28]} 38. Bxh6 {[%clk 0:04:21]} gxh6 {[%clk 0:16:13]} 39. Nf6+
{[%clk 0:04:13]} Rxf6 {[%clk 0:16:16]} 40. Rxf6 {[%clk 0:04:21]} Kg7
{[%clk 0:16:10]} 41. Rd6 {[%clk 0:04:08]} Qf7 {[%clk 0:14:29]} 42. Qd2
{[%clk 0:03:05]} Qc4 {[%clk 0:10:03]} 43. Rd7+ {[%clk 0:02:18]} Kf6
{[%clk 0:09:50]} 44. Qf2+ {[%clk 0:02:06]} Kg5 {[%clk 0:08:57]} 45. Rf7
{[%clk 0:01:48]} Qe4 {[%clk 0:08:43]} 46. Qf6+ {[%clk 0:01:37]} Kh5
{[%clk 0:08:38]} 47. Qf5+ {[%clk 0:01:37]} Qxf5 {[%clk 0:08:41]} 48. Rxf5#
{[%clk 0:01:40]} 1-0

[Event "Hastings International"]
[Site "?"]
[Date "2018.01.06"]
[Round "12.6"]
[White "Ridge, Michael"]
[Black "Duggan, Michael Fg"]
[Result "1/2-1/2"]
[BlackElo "2089"]
[WhiteElo "1833"]
[LiveChessVersion "1.4.8"]

1. c4 {[%clk 1:50:19]} f5 {[%clk 1:34:50]} 2. Nc3 {[%clk 1:50:04]} Nf6
{[%clk 1:34:44]} 3. Nf3 {[%clk 1:49:25]} d6 {[%clk 1:34:30]} 4. d4
{[%clk 1:49:29]} g6 {[%clk 1:34:35]} 5. e3 {[%clk 1:49:34]} Bg7 {[%clk 1:34:34]}
6. Be2 {[%clk 1:49:39]} O-O {[%clk 1:34:27]} 7. b4 {[%clk 1:49:18]} e5
{[%clk 1:30:08]} 8. O-O {[%clk 1:46:26]} e4 {[%clk 1:29:16]} 9. Nd2
{[%clk 1:46:31]} c6 {[%clk 1:28:41]} 10. a4 {[%clk 1:45:08]} d5 {[%clk 1:27:54]}
11. Ba3 {[%clk 1:39:41]} Re8 {[%clk 1:25:10]} 12. b5 {[%clk 1:28:44]} Be6
{[%clk 1:24:17]} 13. Qb3 {[%clk 1:19:16]} Qc7 {[%clk 1:17:28]} 14. Rfc1
{[%clk 1:18:42]} Qf7 {[%clk 1:17:30]} 15. cxd5 {[%clk 1:12:22]} cxd5
{[%clk 1:15:29]} 16. a5 {[%clk 1:03:21]} g5 {[%clk 1:12:24]} 17. Na4
{[%clk 0:57:49]} f4 {[%clk 1:09:14]} 18. Bd6 {[%clk 0:57:06]} Bg4
{[%clk 1:07:23]} 19. Bxg4 {[%clk 0:45:21]} Nxg4 {[%clk 1:07:25]} 20. Rf1
{[%clk 0:36:22]} Rd8 {[%clk 1:02:09]} 21. Qa3 {[%clk 0:28:50]} f3
{[%clk 0:44:27]} 22. gxf3 {[%clk 0:21:58]} exf3 {[%clk 0:44:02]} 23. Rac1
{[%clk 0:21:11]} Qe6 {[%clk 0:38:39]} 24. Bg3 {[%clk 0:16:09]} Rf8
{[%clk 0:32:08]} 25. Qd6 {[%clk 0:14:58]} Qf5 {[%clk 0:32:03]} 26. Nc5
{[%clk 0:12:08]} Rf6 {[%clk 0:28:23]} 27. Qd8+ {[%clk 0:09:35]} Rf8
{[%clk 0:25:59]} 28. Qd6 Rf6 29. Qd8+ Bf8 1/2-1/2

[Event "Hastings International"]
[Site "?"]
[Date "2018.01.06"]
[Round "12.7"]
[White "Cove, Henry"]
[Black "Brown, Terry L"]
[Result "1-0"]
[BlackElo "1559"]
[WhiteElo "1875"]
[LiveChessVersion "1.4.8"]

1. d4 {[%clk 1:48:39]} Nf6 {[%clk 1:50:06]} 2. c4 {[%clk 1:48:44]} c5
{[%clk 1:48:28]} 3. d5 {[%clk 1:48:34]} b5 {[%clk 1:48:12]} 4. cxb5
{[%clk 1:48:41]} a6 {[%clk 1:48:12]} 5. bxa6 {[%clk 1:48:48]} Bxa6
{[%clk 1:48:11]} 6. Nc3 {[%clk 1:48:46]} g6 {[%clk 1:47:59]} 7. g3
{[%clk 1:48:32]} Bg7 {[%clk 1:46:55]} 8. Bg2 {[%clk 1:48:31]} d6 {[%clk 1:46:45]}
9. Nf3 {[%clk 1:43:46]} Nbd7 {[%clk 1:45:01]} 10. Rb1 {[%clk 1:43:04]} Qa5
{[%clk 1:41:39]} 11. Bd2 {[%clk 1:41:49]} O-O {[%clk 1:36:52]} 12. Qc2
{[%clk 1:41:03]} Ng4 {[%clk 1:33:04]} 13. b3 {[%clk 1:38:25]} Nge5
{[%clk 1:29:47]} 14. O-O {[%clk 1:35:11]} Nxf3+ {[%clk 1:29:00]} 15. Bxf3
{[%clk 1:35:15]} Ne5 {[%clk 1:28:45]} 16. Bg2 {[%clk 1:35:07]} Rfb8
{[%clk 1:22:44]} 17. a4 {[%clk 1:34:11]} Qc7 {[%clk 1:18:49]} 18. h3
{[%clk 1:28:01]} Rb7 {[%clk 1:16:10]} 19. Rfc1 {[%clk 1:23:26]} Rab8
{[%clk 1:14:37]} 20. f4 {[%clk 1:19:14]} Nd7 {[%clk 1:14:00]} 21. Kh2
{[%clk 1:17:49]} Rb6 {[%clk 1:03:59]} 22. a5 {[%clk 1:05:54]} R6b7
{[%clk 1:02:59]} 23. Na4 {[%clk 1:02:55]} Qd8 {[%clk 0:57:17]} 24. e4
{[%clk 1:01:44]} Bb5 {[%clk 0:51:17]} 25. Nb2 {[%clk 0:59:55]} Ba6
{[%clk 0:48:57]} 26. Nc4 {[%clk 0:59:17]} h5 {[%clk 0:42:15]} 27. Re1
{[%clk 0:58:15]} Bd4 {[%clk 0:40:08]} 28. Rf1 {[%clk 0:52:00]} Kh7
{[%clk 0:35:26]} 29. Bf3 {[%clk 0:49:37]} Kg7 {[%clk 0:33:05]} 30. Be2
{[%clk 0:48:49]} Qh8 {[%clk 0:31:36]} 31. Bf3 {[%clk 0:35:21]} Kg8
{[%clk 0:26:03]} 32. Kg2 {[%clk 0:32:13]} Bxc4 {[%clk 0:19:30]} 33. Qxc4
{[%clk 0:30:11]} Ra8 {[%clk 0:18:14]} 34. e5 {[%clk 0:27:45]} Nb8
{[%clk 0:13:05]} 35. b4 {[%clk 0:26:05]} Na6 {[%clk 0:09:52]} 36. b5
{[%clk 0:25:19]} Nc7 {[%clk 0:09:43]} 37. a6 {[%clk 0:24:27]} Rb6
{[%clk 0:05:17]} 38. Ba5 {[%clk 0:24:17]} Rab8 {[%clk 0:05:14]} 39. Bxb6
{[%clk 0:23:56]} Rxb6 {[%clk 0:05:18]} 40. exd6 {[%clk 0:22:13]} exd6
{[%clk 0:05:15]} 41. Qa4 {[%clk 0:19:37]} Kg7 {[%clk 0:04:29]} 42. Qa5
{[%clk 0:16:36]} Na8 {[%clk 0:04:21]} 43. Rb3 {[%clk 0:15:50]} Qe8
{[%clk 0:04:13]} 44. Re1 {[%clk 0:15:29]} Qd7 {[%clk 0:03:29]} 45. Re4
{[%clk 0:14:36]} h4 {[%clk 0:02:29]} 46. g4 {[%clk 0:14:00]} f5 {[%clk 0:02:32]}
47. Re6 {[%clk 0:13:29]} c4 {[%clk 0:02:24]} 48. Rb1 {[%clk 0:12:27]} c3
{[%clk 0:02:24]} 49. Qb4 {[%clk 0:11:12]} c2 {[%clk 0:01:34]} 50. Qxd4+
{[%clk 0:11:15]} Kh7 {[%clk 0:01:20]} 51. Rc1 {[%clk 0:10:50]} Rxb5
{[%clk 0:00:42]} 52. Qf6 {[%clk 0:10:26]} 1-0

[Event "Hastings International"]
[Site "?"]
[Date "2018.01.06"]
[Round "12.9"]
[White "Ruane, Brendan J"]
[Black "Colburn, Paul J"]
[Result "1-0"]
[BlackElo "1927"]
[WhiteElo "1838"]
[LiveChessVersion "1.4.8"]

1. b3 {[%clk 1:50:16]} d5 {[%clk 1:49:10]} 2. Bb2 {[%clk 1:50:16]} Nc6
{[%clk 1:49:07]} 3. e3 {[%clk 1:50:12]} Nf6 {[%clk 1:48:10]} 4. Bb5
{[%clk 1:49:45]} Bd7 {[%clk 1:48:02]} 5. Nf3 {[%clk 1:49:31]} a6 {[%clk 1:47:45]}
6. Bxc6 {[%clk 1:49:30]} Bxc6 {[%clk 1:47:23]} 7. Ne5 {[%clk 1:49:11]} Qd6
{[%clk 1:46:46]} 8. O-O {[%clk 1:48:24]} b5 {[%clk 1:46:08]} 9. Nxc6
{[%clk 1:47:38]} Qxc6 {[%clk 1:46:14]} 10. d3 {[%clk 1:46:09]} e6
{[%clk 1:45:58]} 11. Nd2 {[%clk 1:45:39]} Bd6 {[%clk 1:45:46]} 12. Nf3
{[%clk 1:45:24]} Qb7 {[%clk 1:44:01]} 13. Ne5 {[%clk 1:41:45]} c5
{[%clk 1:43:15]} 14. a4 {[%clk 1:38:15]} b4 {[%clk 1:41:00]} 15. f4
{[%clk 1:37:01]} Rd8 {[%clk 1:36:58]} 16. Qf3 {[%clk 1:33:48]} Qc7
{[%clk 1:35:47]} 17. Rae1 {[%clk 1:28:40]} Ke7 {[%clk 1:35:37]} 18. Qg3
{[%clk 1:23:10]} Rdg8 {[%clk 1:30:54]} 19. h4 {[%clk 1:01:25]} h6
{[%clk 1:29:10]} 20. Qf3 {[%clk 1:00:42]} Rh7 {[%clk 1:23:11]} 21. h5
{[%clk 0:58:53]} Ke8 {[%clk 1:13:58]} 22. e4 {[%clk 0:52:06]} d4 {[%clk 1:13:03]}
23. Nxf7 {[%clk 0:45:40]} Kxf7 {[%clk 1:05:44]} 24. e5 {[%clk 0:45:43]} g6
{[%clk 1:02:25]} 25. exf6 {[%clk 0:36:48]} Kxf6 {[%clk 0:58:23]} 26. hxg6
{[%clk 0:32:29]} Rxg6 {[%clk 0:58:30]} 27. Rxe6+ {[%clk 0:32:26]} Kxe6
{[%clk 0:54:46]} 28. f5+ {[%clk 0:32:34]} Kd7 {[%clk 0:54:42]} 29. fxg6
{[%clk 0:32:34]} Rg7 {[%clk 0:49:40]} 30. Qh3+ {[%clk 0:32:33]} Kc6
{[%clk 0:49:23]} 31. Qxh6 {[%clk 0:32:26]} Be5 {[%clk 0:47:26]} 32. Bc1
{[%clk 0:32:10]} Qd6 {[%clk 0:46:14]} 33. Qh5 {[%clk 0:22:18]} Rxg6
{[%clk 0:43:30]} 34. Qf3+ {[%clk 0:22:17]} Kb6 {[%clk 0:43:15]} 35. Qe4
{[%clk 0:21:34]} Rf6 {[%clk 0:37:34]} 36. Rxf6 {[%clk 0:21:07]} Qxf6
{[%clk 0:37:41]} 37. Qf3 {[%clk 0:19:43]} Qh4 {[%clk 0:36:42]} 38. Bd2
{[%clk 0:19:37]} Bg3 {[%clk 0:33:18]} 39. Kf1 {[%clk 0:16:21]} Qh1+
{[%clk 0:29:58]} 40. Ke2 {[%clk 0:16:28]} Bd6 {[%clk 0:28:01]} 41. Qd5
{[%clk 0:14:17]} Kc7 {[%clk 0:27:20]} 42. Qf7+ {[%clk 0:13:47]} Kc6
{[%clk 0:27:16]} 43. Qf3+ {[%clk 0:12:21]} Kb6 {[%clk 0:26:50]} 44. Be1
{[%clk 0:12:27]} Qh6 {[%clk 0:25:44]} 45. Kd1 {[%clk 0:12:09]} Bf4
{[%clk 0:25:05]} 46. g4 {[%clk 0:11:33]} Be3 {[%clk 0:20:48]} 47. Bg3
{[%clk 0:11:38]} Qg5 {[%clk 0:20:50]} 48. Qf5 {[%clk 0:11:05]} Qh6
{[%clk 0:20:47]} 49. a5+ {[%clk 0:10:07]} Kb7 {[%clk 0:20:09]} 50. Qd5+
{[%clk 0:10:12]} Qc6 {[%clk 0:18:34]} 51. Qxc6+ {[%clk 0:10:06]} Kxc6
{[%clk 0:18:42]} 52. Ke2 {[%clk 0:10:06]} Bg5 {[%clk 0:18:09]} 53. Kf3
{[%clk 0:10:14]} Bd8 {[%clk 0:18:03]} 54. Ke4 {[%clk 0:10:06]} Bxa5
{[%clk 0:17:44]} 55. Bh4 {[%clk 0:08:20]} Bc7 {[%clk 0:17:24]} 56. Kf5
{[%clk 0:08:09]} Bd6 {[%clk 0:16:52]} 57. Ke6 {[%clk 0:07:47]} Bf4
{[%clk 0:15:09]} 58. g5 {[%clk 0:07:40]} a5 {[%clk 0:14:17]} 59. g6
{[%clk 0:07:43]} Bh6 {[%clk 0:14:24]} 60. Kf7 {[%clk 0:07:39]} c4
{[%clk 0:14:05]} 61. dxc4 {[%clk 0:06:47]} a4 {[%clk 0:13:56]} 62. bxa4
{[%clk 0:06:41]} b3 {[%clk 0:14:00]} 63. cxb3 {[%clk 0:06:35]} d3
{[%clk 0:14:07]} 64. Be1 {[%clk 0:06:23]} 1-0

[Event "Hastings International"]
[Site "?"]
[Date "2018.01.06"]
[Round "12.10"]
[White "Wilson, Matthew R"]
[Black "Paleri, Adithya P"]
[Result "1-0"]
[BlackElo "1652"]
[WhiteElo "1782"]
[LiveChessVersion "1.4.8"]

1. e4 {[%clk 1:50:18]} d6 {[%clk 1:48:06]} 2. Nc3 {[%clk 1:50:22]} Nf6
{[%clk 1:48:09]} 3. f4 {[%clk 1:50:08]} g6 {[%clk 1:48:06]} 4. Nf3
{[%clk 1:50:12]} Bg7 {[%clk 1:48:14]} 5. Bc4 {[%clk 1:41:37]} O-O
{[%clk 1:47:52]} 6. d3 {[%clk 1:41:43]} Nc6 {[%clk 1:44:36]} 7. O-O
{[%clk 1:41:21]} e5 {[%clk 1:41:30]} 8. fxe5 {[%clk 1:36:31]} dxe5
{[%clk 1:37:10]} 9. Qe1 {[%clk 1:24:20]} Nd4 {[%clk 1:26:40]} 10. Bb3
{[%clk 1:17:05]} Nxb3 {[%clk 1:23:05]} 11. axb3 {[%clk 1:16:43]} Qd6
{[%clk 1:22:53]} 12. Qh4 {[%clk 1:13:25]} h5 {[%clk 1:10:45]} 13. h3
{[%clk 1:09:11]} c6 {[%clk 0:51:08]} 14. Be3 {[%clk 1:06:55]} c5 {[%clk 0:44:34]}
15. Bg5 {[%clk 1:00:55]} Bd7 {[%clk 0:34:37]} 16. Kh1 {[%clk 0:59:31]} Rfe8
{[%clk 0:27:47]} 17. Nxe5 {[%clk 0:56:15]} Qxe5 {[%clk 0:26:26]} 18. Bxf6
{[%clk 0:55:59]} Bxf6 {[%clk 0:26:34]} 19. Qxf6 {[%clk 0:53:48]} Qxf6
{[%clk 0:26:32]} 20. Rxf6 {[%clk 0:53:54]} Kg7 {[%clk 0:18:21]} 21. Raf1
{[%clk 0:52:24]} Be6 {[%clk 0:17:54]} 22. e5 {[%clk 0:45:49]} Bf5
{[%clk 0:13:31]} 23. Re1 {[%clk 0:44:37]} b6 {[%clk 0:12:31]} 24. Rc6
{[%clk 0:43:08]} Rac8 {[%clk 0:12:20]} 25. Rxc8 {[%clk 0:42:23]} Rxc8
{[%clk 0:12:29]} 26. Nb5 {[%clk 0:40:27]} a5 {[%clk 0:11:03]} 27. Nd6
{[%clk 0:40:06]} Rc6 {[%clk 0:10:34]} 28. Nxf5+ {[%clk 0:34:08]} gxf5
{[%clk 0:10:43]} 29. Kg1 {[%clk 0:34:03]} Kg6 {[%clk 0:10:23]} 30. Kf2
{[%clk 0:32:01]} Re6 {[%clk 0:09:05]} 31. Kf3 {[%clk 0:29:00]} Kg5
{[%clk 0:08:02]} 32. h4+ {[%clk 0:27:52]} Kg6 {[%clk 0:07:14]} 33. Kf4
{[%clk 0:27:41]} b5 {[%clk 0:06:55]} 34. Re3 {[%clk 0:26:43]} f6 {[%clk 0:06:00]}
35. exf6 {[%clk 0:24:10]} Kxf6 {[%clk 0:05:20]} 36. Rxe6+ {[%clk 0:23:42]} Kxe6
{[%clk 0:05:29]} 37. Kg5 {[%clk 0:23:36]} Ke5 {[%clk 0:05:38]} 38. Kxh5
{[%clk 0:23:05]} Kf4 {[%clk 0:05:47]} 39. Kg6 {[%clk 0:22:54]} Kg3
{[%clk 0:05:55]} 40. Kxf5 {[%clk 0:22:39]} 1-0